000 00925cam a22002175a 4500
001 L158958
008 151103s2015 xxk f 000 0 eng d
035 _a(Sirsi) u158958
041 0 _aeng
110 2 _aJones Lang LaSalle
_93755
245 0 0 _aEuropean Self Storage Annual Survey 2015
_h[electronic resource]
260 _a[S.l.]
_bJLL
_c2014
520 _aOutlines the results of the Federation of European Self Storage Associations' and JLL's joint survey which analyses the trends, opportunities and outlook for the self storage market across Europe. Excludes UK and Russia.
590 _aKA
650 2 4 _aSELF-STORAGE
651 4 _aEurope
690 _aCommercial property
_96227
710 1 _aFederation of European Self Storage Associations
856 4 0 _uhttps://www.jll.eu/emea/en-gb/research/226/european-self-storage-annual-survey-2015
_zView the report after free registration at www.jll.eu
942 _n0
999 _c115599
_d115599